Central Library OPAC University of Rajshahi

Statistics of West Pakistan : agricultural data division and district, 1947-48 through 1958-59 / (Record no. 66160)

MARC details
000 -LEADER
fixed length control field 00827nam a2200205 a 4500
001 - CONTROL NUMBER
control field 66160
003 - CONTROL NUMBER IDENTIFIER
rucl marc code BD-RjUL
005 - DATE AND TIME OF LATEST TRANSACTION
control field 20211209081515.0
008 - FIXED-LENGTH DATA ELEMENTS--GENERAL INFORMATION
fixed length control field 170314s1960 pk s o00| 0 eng
035 ## - SYSTEM CONTROL NUMBER
System control number (BD-RjUL)66290
040 ## - CATALOGING SOURCE
Original cataloging agency DLC
Transcribing agency DLC
Modifying agency DLC
-- BD-RjUL
Language of cataloging eng
041 ## - LANGUAGE CODE
Language code of text/sound track or separate title eng
082 ## - DEWEY DECIMAL CLASSIFICATION NUMBER
Classification number 630.9549021
Edition number 23
Author mark and year WES 1960
110 1# - MAIN ENTRY--CORPORATE NAME
Corporate name or jurisdiction name as entry element West Pakistan (Pakistan).
Subordinate unit Bureau of Statistics, Planning and Development Department.
9 (RLIN) 195763
245 10 - TITLE STATEMENT
Title Statistics of West Pakistan : agricultural data division and district, 1947-48 through 1958-59 /
Statement of responsibility, etc. West Pakistan (Pakistan). Bureau of Statistics, Planning and Development Department.
260 ## - PUBLICATION, DISTRIBUTION, ETC. (IMPRINT)
Place of publication, distribution, etc. Karachi :
Name of publisher, distributor, etc. Manager of publications,
Date of publication, distribution, etc. 1960
300 ## - PHYSICAL DESCRIPTION
Pagination XI, 472 p. :
Illustrations Ill. ;
Size 29 cm.
650 ## - SUBJECT ADDED ENTRY--TOPICAL TERM
Topical term or geographic name as entry element Agriculture
Geographic subdivision Pakistan .
Form subdivision Statistics.
General subdivision 1947-1959
9 (RLIN) 195762
942 ## - ADDED ENTRY ELEMENTS (KOHA)
Source of classification or shelving scheme Dewey Decimal Classification
Koha item type Rare Books
Holdings
Lost status Source of classification or shelving scheme Damaged status Not for loan Collection code Permanent Location Current Location Shelving location Date acquired Total Checkouts Full call number Date last seen Copy number Koha item type
  Dewey Decimal Classification   Not For Loan Rare Books Central Library, University of Rajshahi Central Library, University of Rajshahi Rare Book Section 14/03/2017   RA 630.9549021 WES 1960 14/03/2017 C-1 Rare Books